000 00442nam a22001817a 4500
003 MPLRDC
005 20220104143506.0
008 210129b ||||| |||| 00| 0 eng d
020 _a962-447-037-5
082 _a857.623 YG-4 v.3 c.4
100 _a余过
245 _a残酷蜜月
_c
260 _a
_b勤加缘出版社
_c1991
300 _b
490 _a奇幻系列. 3
650 _a灵异小说
942 _cBK
_o857.623 YG-4 v.3 c.4
999 _c40431
_d40421